|
|
|
|
| LEADER |
00673nab a2200169 i 4500 |
| 001 |
misc9591 |
| 005 |
20191106143428.0 |
| 008 |
170607s1916 hu o 0|| hun d |
| 022 |
|
|
|a 0025-0260
|
| 040 |
|
|
|a SZTE Miscellanea Repozitórium
|b hun
|
| 041 |
|
|
|a hun
|
| 245 |
0 |
0 |
|a Katholikus [!Katolikus] Szemle 1916 febr.
|h [elektronikus dokumentum] :
|b (1916) febr. : [cikkismertetés]
|
| 260 |
|
|
|c 1916
|
| 300 |
|
|
|a 215-216
|
| 490 |
0 |
|
|a Magyar pedagógia : a Magyar Tudományos Akadémia Pedagógiai Bizottságának folyóirata
|v 25
|
| 695 |
|
|
|a Erkölcsi nevelés iskolai magyar 20. sz., Lapszemle
|
| 856 |
4 |
0 |
|u http://misc.bibl.u-szeged.hu/9591/1/mp_1916_2349_215-216.pdf
|z Dokumentum-elérés
|